| 000 | 00779nam a2200217 i 4500 | ||
|---|---|---|---|
| 001 | 40581 | ||
| 003 | ES-MaACL | ||
| 005 | 20251015063052.0 | ||
| 007 | t| | ||
| 008 | 030306s1985 sp ||||1| spa d | ||
| 100 | 1 |
_aCapel, Horacio, _d1941- _934815 |
|
| 245 | 1 | 3 |
_aLa física sagrada _b: creencias religiosas y teorías científicas en los orígenes de la geomorfología española : siglos XVII-XVIII / _cHoracio Capel. |
| 250 | _a1ª ed. | ||
| 260 |
_aBarcelona : _bEdiciones del Serbal, _c1985. |
||
| 300 |
_a223 p. : _bil. ; _c26 cm. |
||
| 504 | _aBibliografía: p. [208]-220. | ||
| 650 | 4 |
_aGeomorfología- _zEspaña- _xHistoria. _9169910 |
|
| 650 | 7 |
_aCristianismo y ciencia _2embne _9150357 |
|
| 852 |
_aES-MaACL _jL-10224 _bR.111237 |
||
| 999 |
_c40581 _d40581 |
||